Central Library OPAC University of Rajshahi

Prosperity and depression : (Record no. 45213)

MARC details
000 -LEADER
fixed length control field 00890cam a22002651 4500
001 - CONTROL NUMBER
control field 45213
003 - CONTROL NUMBER IDENTIFIER
rucl marc code BD-RjUL
005 - DATE AND TIME OF LATEST TRANSACTION
control field 20211209053959.0
008 - FIXED-LENGTH DATA ELEMENTS--GENERAL INFORMATION
fixed length control field 160724r19521946sz b 000 0 eng
035 ## - SYSTEM CONTROL NUMBER
System control number (BD-RjUL)45331
040 ## - CATALOGING SOURCE
Original cataloging agency DLC
Transcribing agency OAU
Modifying agency OCoLC
-- BD-RjUL
Language of cataloging eng
041 ## - LANGUAGE CODE
Language code of text/sound track or separate title eng
082 ## - DEWEY DECIMAL CLASSIFICATION NUMBER
Edition number 23
Classification number 338.542
Author mark and year HAP 1952
100 1# - MAIN ENTRY--PERSONAL NAME
Personal name Haberler, Gottfried
Dates associated with a name 1900-
9 (RLIN) 138517
245 10 - TITLE STATEMENT
Title Prosperity and depression :
Remainder of title a theoretical analysis of cyclical movements /
Statement of responsibility, etc. Gottfried Haberler.
250 ## - EDITION STATEMENT
Edition statement 3d ed. enlarged by part III.
260 ## - PUBLICATION, DISTRIBUTION, ETC. (IMPRINT)
Place of publication, distribution, etc. New York :
Name of publisher, distributor, etc. United Nations,
Date of publication, distribution, etc. c1946, 1952.
300 ## - PHYSICAL DESCRIPTION
Pagination xxiv, 532 p. :
Illustrations ill. ;
Size 24 cm.
410 20 - SERIES STATEMENT/ADDED ENTRY--CORPORATE NAME [OBSOLETE, CAN/MARC], [LOCAL, USA]
Corporate name or jurisdiction name as entry element League of Nations.
Title of a work Publication. Economic and financial
Volume number/sequential designation II.A2
504 ## - BIBLIOGRAPHY, ETC. NOTE
Bibliography, etc Bibliographical footnotes.
650 #0 - SUBJECT ADDED ENTRY--TOPICAL TERM
Topical term or geographic name as entry element Business cycles.
9 (RLIN) 138518
Topical term or geographic name as entry element Economics.
9 (RLIN) 138519
710 2# - ADDED ENTRY--CORPORATE NAME
Corporate name or jurisdiction name as entry element League of Nations.
9 (RLIN) 138520
942 ## - ADDED ENTRY ELEMENTS (KOHA)
Source of classification or shelving scheme Dewey Decimal Classification
Koha item type Books
Holdings
Lost status Source of classification or shelving scheme Damaged status Not for loan Collection code Permanent Location Current Location Shelving location Date acquired Source of acquisition Cost, normal purchase price Total Checkouts Full call number Date last seen Copy number Koha item type Date checked out
  Dewey Decimal Classification     Non-fiction Central Library, University of Rajshahi Central Library, University of Rajshahi   25/02/1957 T+T 12.00   338.542 HAP 1952 24/07/2016 C-2 Books  
  Dewey Decimal Classification     Non-fiction Central Library, University of Rajshahi Central Library, University of Rajshahi   25/02/1957 T+T 12.00 1 338.542 HAP 1946 05/05/2024 C-3 Books 02/05/2024